Brain Blitz : (Record no. 9279)

MARC details
000 -LEADER
fixed length control field 00623nam a22002057a 4500
003 - CONTROL NUMBER IDENTIFIER
control field OSt
005 - DATE AND TIME OF LATEST TRANSACTION
control field 20260326005229.0
008 - FIXED-LENGTH DATA ELEMENTS--GENERAL INFORMATION
fixed length control field 260326b |||||||| |||| 00| 0 eng d
020 ## - INTERNATIONAL STANDARD BOOK NUMBER
International Standard Book Number 9710868756
040 ## - CATALOGING SOURCE
Original cataloging agency DWCL GS lib
Transcribing agency OC
082 ## - DEWEY DECIMAL CLASSIFICATION NUMBER
Classification number Res.(Fil.) 909 L869 2008
100 ## - MAIN ENTRY--PERSONAL NAME
Personal name Lorenzo, S. J. Ramon
245 ## - TITLE STATEMENT
Title Brain Blitz :
Remainder of title Reviewer 1 World History /
Statement of responsibility, etc. J. Ramon S. Lorenzo
260 ## - PUBLICATION, DISTRIBUTION, ETC.
Place of publication, distribution, etc. Mandaluyong City
Name of publisher, distributor, etc. National Book Store
Date of publication, distribution, etc. c2008.
300 ## - PHYSICAL DESCRIPTION
Extent vii, 102 pages:
Dimensions 17cm.
546 ## - LANGUAGE NOTE
Language note English
650 ## - SUBJECT ADDED ENTRY--TOPICAL TERM
Topical term or geographic name entry element Educational Reviewer
650 ## - SUBJECT ADDED ENTRY--TOPICAL TERM
Topical term or geographic name entry element General Information
942 ## - ADDED ENTRY ELEMENTS (KOHA)
Source of classification or shelving scheme Dewey Decimal Classification
Koha item type Book- Reserved
Classification part Res.(Fil.)
Suppress in OPAC No
952 ## - LOCATION AND ITEM INFORMATION (KOHA)
--
952 ## - LOCATION AND ITEM INFORMATION (KOHA)
--
952 ## - LOCATION AND ITEM INFORMATION (KOHA)
--
952 ## - LOCATION AND ITEM INFORMATION (KOHA)
--
952 ## - LOCATION AND ITEM INFORMATION (KOHA)
--
Holdings
Withdrawn status Lost status Source of classification or shelving scheme Damaged status Not for loan Home library Current library Shelving location Date acquired Source of acquisition Total Checkouts Full call number Barcode Date last seen Copy number Price effective from Koha item type Uniform Resource Identifier
    Dewey Decimal Classification     Grade School Library Grade School Library Reserved 03/26/2026 School Fund, Donation   Res.(Fil.) 20507 03/26/2026 c1 03/26/2026 BK-0 CIRC
    Dewey Decimal Classification     Grade School Library Grade School Library Reserved 03/26/2026 School Fund, Donation   Res.(Fil.) 20508 03/26/2026 c2 03/26/2026 BK-0 CIRC
    Dewey Decimal Classification     Grade School Library Grade School Library Reserved 03/26/2026 School Fund, Donation   Res.(Fil.) 20509 03/26/2026 c3 03/26/2026 BK-0 CIRC
    Dewey Decimal Classification     Grade School Library Grade School Library Reserved 03/26/2026 School Fund, Donation   Res.(Fil.) 20510 03/26/2026 c4 03/26/2026 BK-0 CIRC
    Dewey Decimal Classification     Grade School Library Grade School Library Reserved 03/26/2026 School Fund, Donation   Res.(Fil.) 20506 03/26/2026 c5 03/26/2026 BK-0 CIRC